Strange fruit race, racial profiling and the myth of official multiculturalism in the canadian imaginary

Gespeichert in:
Bibliographische Detailangaben
1. Verfasser: Agard, Rawle
Format: Buch
Sprache:Englisch
Veröffentlicht: Saarbrücken VDM Verlag Dr. Müller 2008
Schlagworte:
Tags: Tag hinzufügen
Keine Tags, Fügen Sie das erste Tag hinzu!

MARC

LEADER 00000nam a2200000 4500
001 0222423
005 20240314103531.2
020 |a 978-3-639-04402-7 
041 0 |a eng 
044 |a DE 
245 1 0 |a Strange fruit  |b race, racial profiling and the myth of official multiculturalism in the canadian imaginary  |c Rawle Agard 
264 1 |a Saarbrücken  |b VDM Verlag Dr. Müller  |c 2008 
300 |a xi, 162 s. 
610 2 0 |a multikulturalizmus 
610 2 0 |a rasizmus 
610 2 0 |a spoločnosť občianska 
610 2 0 |a Kanada 
100 1 |a Agard, Rawle